| 000 | 00655cab a2200241 4500 | ||
|---|---|---|---|
| 001 | ABS58726 | ||
| 008 | 090401t1998 xxu||||| |||| 00| 0 eng d | ||
| 035 | _a(Sirsi) u86651 | ||
| 041 | _aeng | ||
| 100 | _aHyett, P. | ||
| 245 | _aEssential e-mail | ||
| 260 | _c1998 | ||
| 350 | _a0 | ||
| 490 |
_aArchitects` Journal _v28 May 1998, 53(1) |
||
| 520 | _aExplains the essentials of e-mail, and how to optimise it for best business use. | ||
| 650 | _aCOMMUNICATIONS | ||
| 650 | _aCOMPUTING | ||
| 650 | _aE-MAIL | ||
| 690 | _aMANAGEMENT-BUSINESS MANAGEMENT-INFORMATION MANAGEMENT | ||
| 700 | _aMcGaffin, K. | ||
| 942 | _n0 | ||
| 948 | _c08/06/1998 | ||
| 999 |
_c54565 _d54565 |
||